Kritika explorations in Russian and Eurasian history

Bibliographic Details
Corporate Author: Project Muse
Format: Electronic Serial
Language:English
Published: Bloomington, Ind. Slavica Pub
Subjects:
Online Access:http://muse.jhu.edu/journals/kri
LEADER 01039cas a2200289 u 4500
001 10074604
003 upatras
005 20160424233338.0
008 090520t20029999 z eng
022 |a 1538-5000  |y 1531-023X 
040 |a GR-PaULI  |c GR-PaULI 
041 0 |a eng 
050 4 |a DK1 
240 1 0 |a Kritika (Bloomington, Ind. : Online) 
245 1 0 |a Kritika  |h [electronic resource]  |b explorations in Russian and Eurasian history 
260 |a Bloomington, Ind.  |b Slavica Pub 
310 |a Τριμηνιαίο 
362 0 |a Vol. 3, no. 1 (winter 2002)- 
500 |a Title from journal home page (Project Muse, viewed December 6, 2007) 
500 |a Latest issue consulted: Vol. 8, no. 4 (fall 2007) (viewed December 6, 2007) 
651 4 |a Russia (Federation)  |x History  |9 23977 
651 4 |a Eurasia  |x History  |9 23978 
710 2 |a Project Muse  |9 23529 
856 4 0 |u http://muse.jhu.edu/journals/kri 
942 |2 ddc  |s 1  |c JNL 
952 |0 0  |1 0  |4 0  |7 0  |9 20421  |c SER  |d 2016-04-24  |l 0  |r 2016-04-24 00:00:00  |w 2016-04-24  |y JNL 
999 |c 11782  |d 11782